[Event "MCR_O186"]
[Site "?"]
[Date "2004.??.??"]
[Round "?"]
[White "Lucan, Zdenko"]
[Black "Novak, Jindrich"]
[Result "0-1"]
[WhiteElo "1800"]
[BlackElo "1800"]
[PlyCount "66"]
[EventDate "2004.??.??"]
[EventType "corr"]
[EventRounds "2"]
[SourceDate "2005.03.12"]

1. f4 b6 2. Nf3 Bb7 3. e3 f5 4. g3 e5 5. fxe5 g5 6. Bg2 Nc6 7. O-O Qe7 8. d4
O-O-O 9. h3 h5 10. c3 h4 11. Qe1 Qg7 12. gxh4 g4 13. Ng5 gxh3 14. Bxh3 Nh6 15.
Bxf5 Nxe5 16. dxe5 Nxf5 17. Rxf5 Qg6 18. e4 Bc5+ 19. Kf1 Ba6+ 20. Kg2 Qh5 21.
Nf3 Qg4+ 22. Qg3 Qxe4 23. Rf4 Qe2+ 24. Kh3 Qf1+ 25. Qg2 Qxc1 26. Nfd2 Bb7 27.
Qf1 Qxb2 28. Nb3 Rhg8 29. Rg4 Rxg4 30. Kxg4 Rg8+ 31. Kh5 Qc2 32. Qf7 Bf3+ 33.
Qxf3 Qh7# 0-1

[Event "MCR_O186"]
[Site "?"]
[Date "2004.??.??"]
[Round "?"]
[White "Lucan, Zdenko"]
[Black "Novak, Vaclav"]
[Result "0-1"]
[WhiteElo "1800"]
[BlackElo "1800"]
[PlyCount "77"]
[EventDate "2004.??.??"]
[EventType "corr"]
[EventRounds "2"]
[SourceDate "2005.03.12"]

1. Nf3 d5 2. d4 c5 3. e3 Nc6 4. Bb5 Bg4 5. O-O e6 6. h3 Bh5 7. c3 Nf6 8. Nbd2
Bd6 9. Be2 O-O 10. dxc5 Bxc5 11. b4 Bb6 12. a4 a5 13. b5 Ne7 14. Nd4 Bg6 15.
N2f3 Rc8 16. Bb2 Ne4 17. Rc1 h6 18. Ne5 Bh7 19. Nef3 Qd6 20. Nd2 Nc5 21. Ba3
Bc7 22. N2f3 b6 23. g3 e5 24. Bxc5 bxc5 25. Nc2 e4 26. Nd2 f5 27. c4 d4 28.
exd4 cxd4 29. Nxd4 Qxd4 30. Nb3 Qe5 31. Qd4 Qxd4 32. Nxd4 Bb6 33. Ne6 Rf6 34.
Nf4 Rd6 35. Ng2 Bg6 36. Nf4 Bf7 37. h4 Bc5 38. Kg2 Ng6 39. Rfe1 0-1

[Event "MCR_O186"]
[Site "?"]
[Date "2004.??.??"]
[Round "?"]
[White "Lucan, Zdenko"]
[Black "Scholz, Robert"]
[Result "0-1"]
[WhiteElo "1800"]
[BlackElo "1800"]
[PlyCount "50"]
[EventDate "2004.??.??"]
[EventType "corr"]
[EventRounds "2"]
[SourceDate "2005.03.12"]

1. e4 e5 2. Nf3 Nc6 3. Bb5 a6 4. Ba4 Bc5 5. O-O h6 6. Bxc6 dxc6 7. Nxe5 Nf6 8.
d3 O-O 9. Nf3 Be6 10. d4 Ba7 11. Nbd2 Bxd4 12. Nxd4 Qxd4 13. c3 Qd3 14. Re1
Rad8 15. Re3 Qd7 16. h3 c5 17. b3 Rfe8 18. c4 Qd4 19. Rb1 Nxe4 20. Rxe4 Qxe4
21. Nxe4 Rxd1+ 22. Kh2 Bf5 23. f3 Bxe4 24. fxe4 Rxe4 25. Ra1 Ree1 0-1

[Event "MCR_O186"]
[Site "?"]
[Date "2004.??.??"]
[Round "?"]
[White "Lucan, Zdenko"]
[Black "Svoboda, Frantisek"]
[Result "0-1"]
[WhiteElo "1800"]
[BlackElo "1800"]
[PlyCount "28"]
[EventDate "2004.??.??"]
[EventType "corr"]
[EventRounds "2"]
[SourceDate "2005.03.12"]

1. b4 e5 2. Bb2 Bxb4 3. Bxe5 Nf6 4. c4 Nc6 5. Bb2 O-O 6. e3 d5 7. a3 Ba5 8. Bc3
Bxc3 9. Nxc3 d4 10. exd4 Re8+ 11. Nce2 Nxd4 12. Nf3 Bf5 13. Nfxd4 Qxd4 14. Rc1
Ng4 0-1

[Event "MCR_O186"]
[Site "?"]
[Date "2004.??.??"]
[Round "?"]
[White "Lucan, Zdenko"]
[Black "Svoboda, Josef"]
[Result "0-1"]
[WhiteElo "1800"]
[BlackElo "1800"]
[PlyCount "82"]
[EventDate "2004.??.??"]
[EventType "corr"]
[EventRounds "2"]
[SourceDate "2005.03.12"]

1. f4 d5 2. Nf3 Nf6 3. e3 g6 4. b4 Bg7 5. Bb2 O-O 6. a3 a6 7. Bd3 Bg4 8. O-O
Nbd7 9. c3 e5 10. fxe5 Nxe5 11. Be2 Nc4 12. Bxc4 dxc4 13. h3 Be6 14. Nd4 Bd5
15. d3 Re8 16. Re1 cxd3 17. Qxd3 Nh5 18. Nd2 Be6 19. Qe2 Bc8 20. Qf3 Nf6 21.
Re2 c6 22. e4 Qc7 23. Rf2 Rb8 24. Re1 b6 25. Qf4 Qxf4 26. Rxf4 Bb7 27. Ref1 c5
28. bxc5 bxc5 29. N4b3 Nxe4 30. Nxe4 Bxe4 31. Nxc5 Bxg2 32. Kxg2 Rxb2+ 33. Kg1
Bh6 34. Re4 Rxe4 35. Nxe4 Re2 36. Nf6+ Kg7 37. Ng4 Bg5 38. Rf2 Re4 39. Rg2 Be3+
40. Nxe3 Rxe3 41. Kf2 Rxc3 0-1

[Event "MCR_O186"]
[Site "?"]
[Date "2004.??.??"]
[Round "?"]
[White "Lucan, Zdenko"]
[Black "Valjent, julius"]
[Result "1-0"]
[WhiteElo "1800"]
[BlackElo "2059"]
[PlyCount "37"]
[EventDate "2004.??.??"]
[EventType "corr"]
[EventRounds "2"]
[SourceDate "2005.03.12"]

{Vystoupil pro nemoc z turnaje.} 1. f4 d5 2. Nf3 Nf6 3. e3 Bg4 4. h3 Bxf3 5.
Qxf3 Nc6 6. Bb5 e6 7. Bxc6+ bxc6 8. d3 Bb4+ 9. c3 Be7 10. O-O O-O 11. a3 c5 12.
Nd2 c6 13. b3 Nd7 14. Bb2 Bf6 15. Ra2 Qa5 16. Rc1 Rfb8 17. Qd1 Qa6 18. Qc2 Rb7
19. Ba1 1-0

[Event "MCR_O186"]
[Site "?"]
[Date "2004.??.??"]
[Round "?"]
[White "Novak, Jindrich"]
[Black "Lucan, Zdenko"]
[Result "1-0"]
[WhiteElo "1800"]
[BlackElo "1800"]
[PlyCount "81"]
[EventDate "2004.??.??"]
[EventType "corr"]
[EventRounds "2"]
[SourceDate "2005.03.12"]

1. Nf3 Nf6 2. b3 g6 3. g3 Bg7 4. Bg2 O-O 5. O-O Nc6 6. Bb2 d6 7. d4 e6 8. Re1
Re8 9. e4 b6 10. Nbd2 Bb7 11. Qe2 Ne7 12. c4 h6 13. Rad1 a5 14. e5 dxe5 15.
dxe5 Nd7 16. Ne4 Bxe4 17. Qxe4 Qc8 18. Nd2 Nc5 19. Qe2 Rb8 20. Ne4 Nxe4 21.
Qxe4 Rd8 22. h4 Rxd1 23. Rxd1 h5 24. g4 hxg4 25. Qxg4 c5 26. h5 Qf8 27. Be4
gxh5 28. Qxh5 Nf5 29. Kg2 Bh6 30. Rg1 Rd8 31. Kh1+ Bg7 32. Bxf5 exf5 33. e6 f6
34. Qxf5 Re8 35. Bxf6 Re7 36. Qe5 Rb7 37. f4 Kh8 38. Bxg7+ Rxg7 39. Qxg7+ Qxg7
40. Rxg7 Kxg7 41. f5 1-0

[Event "MCR_O186"]
[Site "?"]
[Date "2004.??.??"]
[Round "?"]
[White "Novak, Jindrich"]
[Black "Novak, Vaclav"]
[Result "1-0"]
[WhiteElo "1800"]
[BlackElo "1800"]
[PlyCount "59"]
[EventDate "2004.??.??"]
[EventType "corr"]
[EventRounds "2"]
[SourceDate "2005.03.12"]

1. Nf3 g6 2. g3 Bg7 3. Bg2 c5 4. O-O d5 5. c4 d4 6. e4 Nh6 7. d3 O-O 8. b4 cxb4
9. a3 Nc6 10. Bb2 Bg4 11. Nbd2 f5 12. h3 Bxf3 13. Qxf3 f4 14. axb4 Nxb4 15.
gxf4 e5 16. f5 Nc6 17. Ba3 Rf7 18. Rfb1 Qg5 19. Ra2 gxf5 20. exf5 Kh8 21. Ne4
Qxf5 22. Qxf5 Nxf5 23. Ng5 Rc7 24. Bd5 Bf6 25. Ne6 Rd7 26. Rab2 Nfe7 27. Rxb7
Rg8+ 28. Kf1 Nxd5 29. Rxd7 Nde7 30. Rbb7 1-0

[Event "MCR_O186"]
[Site "?"]
[Date "2004.??.??"]
[Round "?"]
[White "Novak, Jindrich"]
[Black "Scholz, Robert"]
[Result "1/2-1/2"]
[WhiteElo "1800"]
[BlackElo "1800"]
[PlyCount "140"]
[EventDate "2004.??.??"]
[EventType "corr"]
[EventRounds "2"]
[SourceDate "2005.03.12"]

1. Nf3 Nc6 2. d4 d5 3. g3 Bf5 4. Bg2 e6 5. O-O Bd6 6. c4 Nf6 7. Nc3 h6 8. Nh4
Bh7 9. cxd5 exd5 10. Nxd5 O-O 11. Nxf6+ Qxf6 12. Nf3 Rad8 13. Qa4 Be4 14. Be3
Nb4 15. Rac1 Rfe8 16. a3 Nd5 17. Bd2 Nb6 18. Qd1 Bxf3 19. Bxf3 Qxd4 20. Bc3
Qxd1 21. Rfxd1 Na4 22. Bd4 c5 23. Be3 Nxb2 24. Rxd6 Rxd6 25. Rxc5 Nd1 26. Bf4
Rd7 27. h4 Red8 28. Kg2 f6 29. h5 Kf7 30. Bg4 Re7 31. Kf3 b6 32. Rc2 b5 33. Bf5
a5 34. Bc7 Rd5 35. Bg6+ Ke6 36. Bxa5 f5 37. Rc8 Red7 38. Bb4 Rd8 39. Rc7 R5d7
40. Rc6+ Ke5 41. Rb6 Rc7 42. Rxb5+ Rd5 43. Rxd5+ Kxd5 44. Bxf5 Nc3 45. Bg6 Ra7
46. e4+ Kc4 47. Bf8 Kd4 48. Kf4 Nxe4 49. f3 Nc3 50. Kf5 Nd5 51. Ke6 Ra6+ 52.
Kd7 Nf6+ 53. Kc7 Ra8 54. Bb4 Ke3 55. Kb7 Rd8 56. a4 Nd5 57. Bc5+ Kxf3 58. a5
Kxg3 59. Bf5 Nc3 60. Be6 Na4 61. Be7 Rd1 62. Kc6 Rc1+ 63. Kb5 Nc3+ 64. Kb4 Re1
65. Bd6+ Kh4 66. Bb3 Ne4 67. Bf8 Kxh5 68. Bxg7 Kg6 69. Bd4 Nf6 70. Ba4 Rc1
1/2-1/2

[Event "MCR_O186"]
[Site "?"]
[Date "2004.??.??"]
[Round "?"]
[White "Novak, Jindrich"]
[Black "Svoboda, Frantisek"]
[Result "1-0"]
[WhiteElo "1800"]
[BlackElo "1800"]
[PlyCount "111"]
[EventDate "2004.??.??"]
[EventType "corr"]
[EventRounds "2"]
[SourceDate "2005.03.12"]

1. Nf3 Nc6 2. d4 d5 3. g3 Bg4 4. Bg2 Qd7 5. O-O Bh3 6. c4 Bxg2 7. Kxg2 dxc4 8.
Nc3 O-O-O 9. Be3 Nf6 10. Qa4 Nd5 11. Nxd5 Qxd5 12. Rac1 b5 13. Qa6+ Kd7 14. a4
Rb8 15. axb5 Rxb5 16. Kg1 f6 17. Rfd1 Ke8 18. Bf4 Kf7 19. Bxc7 g6 20. Bf4 Bg7
21. b3 cxb3 22. Qxc6 a5 23. Qxd5+ Rxd5 24. e4 Rb5 25. Rc5 Rxc5 26. dxc5 a4 27.
Bc1 Rc8 28. Ba3 Ke8 29. Rd4 Rb8 30. Nd2 Rd8 31. Rxd8+ Kxd8 32. Nc4 Kc7 33. Nb6
f5 34. Nxa4 fxe4 35. Nb2 Kc6 36. Nc4 Bc3 37. Kf1 Kb5 38. c6 Kxc6 39. Bxe7 Kb5
40. Nd6+ Kc6 41. Nxe4 Bd4 42. Ke2 Kd5 43. Nd2 b2 44. Bg5 Bc3 45. Nb1 Bd4 46.
Be3 Bg7 47. Kd3 Bf6 48. f3 Bg7 49. Bd2 Bf6 50. Bc3 Bxc3 51. Nxc3+ Ke5 52. h4 h6
53. Ke3 g5 54. hxg5 hxg5 55. f4+ Kf5 56. fxg5 1-0

[Event "MCR_O186"]
[Site "?"]
[Date "2004.??.??"]
[Round "?"]
[White "Novak, Jindrich"]
[Black "Svoboda, Josef"]
[Result "1-0"]
[WhiteElo "1800"]
[BlackElo "1800"]
[PlyCount "113"]
[EventDate "2004.??.??"]
[EventType "corr"]
[EventRounds "2"]
[SourceDate "2005.03.12"]

1. Nf3 Nf6 2. b3 g6 3. g3 Bg7 4. Bg2 Ne4 5. d4 d5 6. O-O O-O 7. Bb2 c6 8. Nbd2
Nxd2 9. Qxd2 Nd7 10. c4 e6 11. c5 b6 12. b4 bxc5 13. bxc5 a5 14. Bc3 Re8 15. e3
e5 16. Rfb1 Nf6 17. Nxe5 Ne4 18. Bxe4 Bxe5 19. Bg2 Bc7 20. Re1 f5 21. a4 Rb8
22. Rab1 Ra8 23. Rb3 Ba6 24. Reb1 Bc8 25. Rb6 Bd7 26. Bf1 Ra7 27. Rb7 Ra8 28.
R1b6 Bc8 29. Rxc7 Qxc7 30. Qb2 h5 31. h4 Kg7 32. Be2 Kf7 33. Bd1 Ra7 34. Qd2
Bb7 35. Bxa5 Qd7 36. Bc3 Raa8 37. e4 fxe4 38. Qh6 Rg8 39. Qf4+ Kg7 40. Qe5+ Kf7
41. Bd2 Qe6 42. Qc7+ Qe7 43. Qf4+ Qf6 44. Qxf6+ Kxf6 45. g4 Kf7 46. Kh2 Rh8 47.
Kg3 Kf6 48. Bf4 Ke6 49. a5 Kd7 50. Be5 Rhg8 51. Kf4 Rgf8+ 52. Ke3 Bc8 53. Ba4
Rf3+ 54. Ke2 Rxa5 55. Bxc6+ Ke7 56. Bxd5 Ra2+ 57. Bxa2 1-0

[Event "MCR_O186"]
[Site "?"]
[Date "2004.??.??"]
[Round "?"]
[White "Novak, Vaclav"]
[Black "Lucan, Zdenko"]
[Result "1-0"]
[WhiteElo "1800"]
[BlackElo "1800"]
[PlyCount "44"]
[EventDate "2004.??.??"]
[EventType "corr"]
[EventRounds "2"]
[SourceDate "2005.03.12"]

1. d4 e6 2. e4 f5 3. e5 d6 4. Bd3 d5 5. Nf3 Bb4+ 6. c3 Ba5 7. g4 Ne7 8. Rg1 c6
9. gxf5 Nxf5 10. Bxf5 exf5 11. Rxg7 Be6 12. Bg5 Qb6 13. b4 Bxb4 14. cxb4 Qxb4+
15. Qd2 Qxd2+ 16. Nbxd2 Nd7 17. Re7+ Kf8 18. Rxe6 h6 19. Rxh6 Rxh6 20. Bxh6+
Kf7 21. Ke2 Rg8 22. Rg1 Rxg1 1-0

[Event "MCR_O186"]
[Site "?"]
[Date "2004.??.??"]
[Round "?"]
[White "Novak, Vaclav"]
[Black "Novak, Jindrich"]
[Result "1/2-1/2"]
[WhiteElo "1800"]
[BlackElo "1800"]
[PlyCount "84"]
[EventDate "2004.??.??"]
[EventType "corr"]
[EventRounds "2"]
[SourceDate "2005.03.12"]

1. c4 Nf6 2. Nc3 d6 3. d4 c6 4. e4 Nbd7 5. Bd3 e5 6. d5 Qc7 7. Nge2 g6 8. h3
Bg7 9. O-O O-O 10. Be3 a6 11. Qd2 Re8 12. Rad1 cxd5 13. Nxd5 Nxd5 14. cxd5 f5
15. exf5 e4 16. fxg6 exd3 17. gxh7+ Kh8 18. Nd4 Ne5 19. Rc1 Qf7 20. f4 Qxd5 21.
fxe5 dxe5 22. Nf5 Bxf5 23. Rxf5 Rf8 24. Rg5 Rac8 25. Rxg7 Kxg7 26. Bh6+ Kh8 27.
Bxf8 Rxf8 28. Qh6 Qd4+ 29. Kh2 Qf4+ 30. Qxf4 Rxf4 31. Kg3 Kxh7 32. Rd1 Rb4 33.
b3 e4 34. Kf4 a5 35. g4 b5 36. Ke3 Kg6 37. h4 Kf6 38. Rf1+ Kg7 39. g5 a4 40.
bxa4 Rxa4 41. Rf2 Rc4 42. h5 Rc5 1/2-1/2

[Event "MCR_O186"]
[Site "?"]
[Date "2004.??.??"]
[Round "?"]
[White "Novak, Vaclav"]
[Black "Scholz, Robert"]
[Result "1-0"]
[WhiteElo "1800"]
[BlackElo "1800"]
[PlyCount "78"]
[EventDate "2004.??.??"]
[EventType "corr"]
[EventRounds "2"]
[SourceDate "2005.03.12"]

1. c4 Nf6 2. Nc3 Nc6 3. d4 e6 4. e4 Bb4 5. Qd3 Bxc3+ 6. bxc3 h6 7. e5 Nh7 8.
Qg3 Kf8 9. Bd3 Qe7 10. a4 Qe8 11. Ne2 Ne7 12. Ba3 b6 13. Be4 Rb8 14. h4 Bb7 15.
Bxb7 Rxb7 16. Nf4 Kg8 17. Nh5 Ng6 18. Qf3 Rb8 19. Ng3 Qd8 20. Qg4 d6 21. f4 c5
22. h5 Ngf8 23. O-O cxd4 24. Bxd6 Rc8 25. Qe2 dxc3 26. Ne4 Rc6 27. Ra3 Nd7 28.
Rxc3 Nhf8 29. Rg3 g6 30. hxg6 fxg6 31. Rd1 Qc8 32. Rd4 Rh7 33. Bxf8 Qxf8 34.
Rxd7 Rxd7 35. Nf6+ Kf7 36. Nxd7 Qe8 37. Qe4 Ke7 38. Qxg6 Kd8 39. Nf6 Kc7 1-0

[Event "MCR_O186"]
[Site "?"]
[Date "2004.??.??"]
[Round "?"]
[White "Novak, Vaclav"]
[Black "Svoboda, Frantisek"]
[Result "0-1"]
[WhiteElo "1800"]
[BlackElo "1800"]
[PlyCount "57"]
[EventDate "2004.??.??"]
[EventType "corr"]
[EventRounds "2"]
[SourceDate "2005.03.12"]

1. d4 d5 2. c4 c6 3. Nc3 Nf6 4. Nf3 e6 5. Bg5 h6 6. Bh4 dxc4 7. e4 g5 8. Bg3 b5
9. e5 Nh5 10. a4 Nxg3 11. hxg3 Bb4 12. Qd2 f6 13. Be2 Bb7 14. Qe3 Nd7 15. O-O
Bxc3 16. bxc3 f5 17. Rfb1 a6 18. Bxc4 Qe7 19. Be2 Nb6 20. c4 Nxc4 21. Bxc4 bxc4
22. Nd2 O-O 23. Nxc4 Rab8 24. Nd6 Ba8 25. Qd3 a5 26. g4 Rxb1+ 27. Rxb1 Qd7 28.
gxf5 Qh7 29. Qb3 0-1

[Event "MCR_O186"]
[Site "?"]
[Date "2004.??.??"]
[Round "?"]
[White "Scholz, Robert"]
[Black "Lucan, Zdenko"]
[Result "1-0"]
[WhiteElo "1800"]
[BlackElo "1800"]
[PlyCount "59"]
[EventDate "2004.??.??"]
[EventType "corr"]
[EventRounds "2"]
[SourceDate "2005.03.12"]

1. e4 c5 2. Bc4 e6 3. Nc3 Nc6 4. Nf3 Nf6 5. O-O Be7 6. d3 O-O 7. a3 d6 8. Qe2
Nd4 9. Nxd4 cxd4 10. Nd1 e5 11. h3 Bd7 12. Re1 b5 13. Bb3 a5 14. Bd2 a4 15. Ba2
h6 16. c3 dxc3 17. bxc3 Bc6 18. Rb1 Rb8 19. Ne3 d5 20. exd5 Bxd5 21. Nxd5 Nxd5
22. Qxe5 Bxa3 23. Bxd5 Qd6 24. Qf5 b4 25. Bf4 Qf6 26. Qxf6 gxf6 27. Bxb8 Rxb8
28. cxb4 Bxb4 29. Ba2 Rb7 30. Re4 1-0

[Event "MCR_O186"]
[Site "?"]
[Date "2004.??.??"]
[Round "?"]
[White "Scholz, Robert"]
[Black "Novak, Jindrich"]
[Result "1-0"]
[WhiteElo "1800"]
[BlackElo "1800"]
[PlyCount "71"]
[EventDate "2004.??.??"]
[EventType "corr"]
[EventRounds "2"]
[SourceDate "2005.03.12"]

1. e4 b6 2. Bc4 Bb7 3. Nc3 Nf6 4. d3 e6 5. Bg5 Be7 6. Nge2 c5 7. O-O O-O 8. Ng3
Nc6 9. Re1 Na5 10. e5 Ne8 11. Bxe7 Qxe7 12. Qd2 Nxc4 13. dxc4 d6 14. Rad1 dxe5
15. Rxe5 Nf6 16. Nf5 Qc7 17. Qd6 Qb8 18. Qxb8 Raxb8 19. Nd6 a6 20. a3 Ba8 21.
Re3 h6 22. Red3 Kh7 23. b4 cxb4 24. axb4 a5 25. bxa5 bxa5 26. Ra1 Rb2 27. Rd2
Rd8 28. Rxa5 Be4 29. c5 Kg6 30. h3 Ra8 31. Rxa8 Bxa8 32. Nc4 Rb4 33. Ne5+ Kh7
34. Rd8 Bd5 35. Nxd5 exd5 36. c6 1-0

[Event "MCR_O186"]
[Site "?"]
[Date "2004.??.??"]
[Round "?"]
[White "Scholz, Robert"]
[Black "Novak, Vaclav"]
[Result "1-0"]
[WhiteElo "1800"]
[BlackElo "1800"]
[PlyCount "79"]
[EventDate "2004.??.??"]
[EventType "corr"]
[EventRounds "2"]
[SourceDate "2005.03.12"]

1. e4 g6 2. Bc4 Bg7 3. c3 d6 4. Qf3 Nf6 5. d4 O-O 6. Ne2 c6 7. h3 Nxe4 8. Qxe4
d5 9. Bxd5 cxd5 10. Qh4 Nc6 11. Bh6 Qb6 12. Bxg7 Kxg7 13. b3 Bf5 14. O-O Rfe8
15. Ng3 e6 16. Qg5 Qd8 17. Nh5+ Kh8 18. Nf6 Rg8 19. Nd2 Rg7 20. Rfe1 Rc8 21.
Nf3 Ne7 22. Rac1 Ng8 23. Nxg8 Qxg5 24. Nxg5 Kxg8 25. g4 Bd3 26. c4 h6 27. Nf3
dxc4 28. Ne5 Rd8 29. bxc4 Bf5 30. Nf3 b5 31. gxf5 gxf5+ 32. Kf1 bxc4 33. Rxc4
Rd7 34. Rec1 f6 35. a4 Rge7 36. Nh4 Kh7 37. Rd1 Rd5 38. Rc6 f4 39. Re1 Rxd4 40.
Nf5 1-0

[Event "MCR_O186"]
[Site "?"]
[Date "2004.??.??"]
[Round "?"]
[White "Scholz, Robert"]
[Black "Svoboda, Frantisek"]
[Result "0-1"]
[WhiteElo "1800"]
[BlackElo "1800"]
[PlyCount "68"]
[EventDate "2004.??.??"]
[EventType "corr"]
[EventRounds "2"]
[SourceDate "2005.03.12"]

1. e4 Nc6 2. Nc3 Nf6 3. Nf3 d5 4. d3 d4 5. Nb1 e5 6. Bg5 Qd6 7. Bxf6 gxf6 8. c3
Bg4 9. Be2 O-O-O 10. Nh4 Bxe2 11. Qxe2 dxc3 12. Nxc3 Nb4 13. O-O Qa6 14. Rad1
Bc5 15. a3 Nxd3 16. b4 Qxa3 17. Rxd3 Rxd3 18. Qxd3 Bxb4 19. Rd1 Bd6 20. Nf5 Rd8
21. Nd5 c6 22. Nxd6+ Qxd6 23. Nb6+ axb6 24. Qxd6 Rxd6 25. Rxd6 b5 26. Rxf6 b4
27. Rxf7 c5 28. Rf3 c4 29. Rf8+ Kc7 30. Rf7+ Kc6 31. Rf6+ Kc5 32. Rf8 b3 33.
Rf5 Kb4 34. Rf7 b5 0-1

[Event "MCR_O186"]
[Site "?"]
[Date "2004.??.??"]
[Round "?"]
[White "Scholz, Robert"]
[Black "Svoboda, Josef"]
[Result "1-0"]
[WhiteElo "1800"]
[BlackElo "1800"]
[PlyCount "61"]
[EventDate "2004.??.??"]
[EventType "corr"]
[EventRounds "2"]
[SourceDate "2005.03.12"]

1. e4 c5 2. Bc4 e6 3. Nc3 Nc6 4. Nf3 Nge7 5. d3 Na5 6. O-O Nxc4 7. dxc4 Nc6 8.
Bf4 a6 9. Bd6 Bxd6 10. Qxd6 Qe7 11. Qxe7+ Nxe7 12. Na4 O-O 13. Rfd1 Rd8 14. Rd6
b5 15. cxb5 axb5 16. Nxc5 Kf8 17. Nd4 b4 18. f4 Ke8 19. Rb6 d6 20. Nb5 Kf8 21.
Nxd6 Ra7 22. Nd3 b3 23. cxb3 Bd7 24. Rb7 Ra6 25. e5 Bc6 26. Rc7 Raa8 27. g4 Bd5
28. Nc5 Bc6 29. Kf2 Be8 30. Kg3 Nd5 31. Rb7 1-0

[Event "MCR_O186"]
[Site "?"]
[Date "2004.??.??"]
[Round "?"]
[White "Svoboda, Frantisek"]
[Black "Lucan, Zdenko"]
[Result "1-0"]
[WhiteElo "1800"]
[BlackElo "1800"]
[PlyCount "33"]
[EventDate "2004.??.??"]
[EventType "corr"]
[EventRounds "2"]
[SourceDate "2005.03.12"]

1. Nc3 Nf6 2. g3 g6 3. Bg2 Bg7 4. d3 O-O 5. Bd2 e6 6. Qc1 Re8 7. Bh6 Bh8 8. h4
Ng4 9. h5 g5 10. Bxg5 Bf6 11. Bh4 Bxh4 12. Rxh4 h6 13. Rxg4+ Kh7 14. Be4+ f5
15. Bxf5+ exf5 16. Rg6 Re6 17. Qxh6# 1-0

[Event "MCR_O186"]
[Site "?"]
[Date "2004.??.??"]
[Round "?"]
[White "Svoboda, Frantisek"]
[Black "Novak, Jindrich"]
[Result "1-0"]
[WhiteElo "1800"]
[BlackElo "1800"]
[PlyCount "31"]
[EventDate "2004.??.??"]
[EventType "corr"]
[EventRounds "2"]
[SourceDate "2005.03.12"]

1. Nc3 b6 2. d4 Bb7 3. e4 e6 4. a3 Nf6 5. Bd3 c5 6. Nf3 Nc6 7. d5 Nd4 8. O-O
exd5 9. exd5 Nxd5 10. Re1+ Ne6 11. Nxd5 Bxd5 12. Ne5 Bb7 13. Bb5 Bc8 14. Qf3 f6
15. Qh5+ Ke7 16. Qf7+ 1-0

[Event "MCR_O186"]
[Site "?"]
[Date "2004.??.??"]
[Round "?"]
[White "Svoboda, Frantisek"]
[Black "Novak, Vaclav"]
[Result "1-0"]
[WhiteElo "1800"]
[BlackElo "1800"]
[PlyCount "67"]
[EventDate "2004.??.??"]
[EventType "corr"]
[EventRounds "2"]
[SourceDate "2005.03.12"]

1. Nc3 d5 2. e4 d4 3. Nce2 e5 4. Ng3 Be6 5. Nf3 f6 6. c3 c5 7. Bb5+ Nc6 8. Qe2
Nge7 9. Bc4 Bd7 10. a3 Ng6 11. d3 Qa5 12. Qc2 b5 13. Ba2 Bd6 14. O-O Qc7 15.
Re1 O-O-O 16. Nf5 Bxf5 17. exf5 Nf8 18. Bd5 Ne7 19. Be4 g6 20. g4 h5 21. h3
hxg4 22. hxg4 gxf5 23. gxf5 Qd7 24. cxd4 exd4 25. Nxd4 Bh2+ 26. Kf1 Qxd4 27.
Be3 Qd7 28. Qxc5+ Kb8 29. a4 Bd6 30. Qxb5+ Qxb5 31. axb5 Rd7 32. b6 Nc8 33.
Rec1 Rdh7 34. Ke2 1-0

[Event "MCR_O186"]
[Site "?"]
[Date "2004.??.??"]
[Round "?"]
[White "Svoboda, Frantisek"]
[Black "Scholz, Robert"]
[Result "1-0"]
[WhiteElo "1800"]
[BlackElo "1800"]
[PlyCount "87"]
[EventDate "2004.??.??"]
[EventType "corr"]
[EventRounds "2"]
[SourceDate "2005.03.12"]

1. Nc3 e5 2. Nf3 Nc6 3. d4 exd4 4. Nxd4 Nxd4 5. Qxd4 d6 6. Nd5 Be6 7. Bg5 f6 8.
Qe4 Qd7 9. Qxe6+ Qxe6 10. Nxc7+ Kd7 11. Nxe6 Kxe6 12. Bd2 Ne7 13. O-O-O Rc8 14.
g3 Ng6 15. Bh3+ f5 16. e4 Ne7 17. Rhe1 Kf7 18. exf5 Rc7 19. f6 gxf6 20. Be6+
Kg6 21. Bf4 Nc8 22. Bxc8 Rxc8 23. Bxd6 Bg7 24. Re6 Rhe8 25. Rxe8 Rxe8 26. c4
Re2 27. Rd2 Re1+ 28. Kc2 Ra1 29. Rd1 Rxd1 30. Kxd1 Kf5 31. f3 Ke6 32. Bb4 f5
33. Bc3 Bf8 34. b4 f4 35. g4 Bd6 36. Ke2 Be5 37. Bxe5 Kxe5 38. Kd3 a6 39. a4 b6
40. h3 Kd6 41. Ke4 a5 42. bxa5 bxa5 43. Kd4 Ke6 44. h4 1-0

[Event "MCR_O186"]
[Site "?"]
[Date "2004.??.??"]
[Round "?"]
[White "Svoboda, Frantisek"]
[Black "Svoboda, Josef"]
[Result "1-0"]
[WhiteElo "1800"]
[BlackElo "1800"]
[PlyCount "93"]
[EventDate "2004.??.??"]
[EventType "corr"]
[EventRounds "2"]
[SourceDate "2005.03.12"]

1. Nc3 d5 2. e4 dxe4 3. Nxe4 e6 4. Nf3 Be7 5. Bc4 c5 6. d4 cxd4 7. Qxd4 Nf6 8.
Qxd8+ Kxd8 9. Neg5 Ke8 10. Ne5 Rf8 11. O-O h6 12. Ngf3 a6 13. a4 Bc5 14. Nd3
Nbd7 15. b4 Bd6 16. Be3 Ke7 17. Rfe1 Re8 18. Rad1 Ng4 19. Bd4 Kf8 20. h3 Ngf6
21. c3 b6 22. Nde5 Nxe5 23. Bxe5 Be7 24. Bc7 Bd7 25. Bb3 Rec8 26. Be5 Be8 27.
Re3 b5 28. a5 Bc6 29. Red3 Be4 30. Re3 Bb7 31. Nh4 Nd5 32. Bxd5 Bxd5 33. Nf5 f6
34. Bd6 Bxd6 35. Nxd6 Rd8 36. Nf5 exf5 37. Red3 Rac8 38. Rxd5 Rxd5 39. Rxd5
Rxc3 40. Rd6 Rb3 41. Rxa6 Rxb4 42. Ra8+ Kf7 43. Kf1 Ke6 44. a6 Ra4 45. a7 Ra1+
46. Ke2 Kd7 47. Rg8 1-0

[Event "MCR_O186"]
[Site "?"]
[Date "2004.??.??"]
[Round "?"]
[White "Svoboda, Frantisek"]
[Black "Valjent, julius"]
[Result "1-0"]
[WhiteElo "1800"]
[BlackElo "2059"]
[PlyCount "31"]
[EventDate "2004.??.??"]
[EventType "corr"]
[EventRounds "2"]
[SourceDate "2005.03.12"]

{Vystoupil pro nemoc z turnaje.} 1. Nc3 d5 2. e3 c6 3. Nf3 Bg4 4. Be2 e6 5. b3
Nd7 6. Bb2 Ngf6 7. d3 Bd6 8. h3 Bxf3 9. gxf3 O-O 10. Qd2 Qe7 11. a3 e5 12. O-O
Ne8 13. Bd1 f5 14. Ne2 Qh4 15. Kh2 Rf6 16. Rg1 1-0

[Event "MCR_O186"]
[Site "?"]
[Date "2004.??.??"]
[Round "?"]
[White "Svoboda, Josef"]
[Black "Lucan, Zdenko"]
[Result "1-0"]
[WhiteElo "1800"]
[BlackElo "1800"]
[PlyCount "43"]
[EventDate "2004.??.??"]
[EventType "corr"]
[EventRounds "2"]
[SourceDate "2005.03.12"]

1. c4 Nf6 2. Nc3 e6 3. e4 Bb4 4. e5 Ng8 5. d4 Ne7 6. Qc2 O-O 7. a3 Ba5 8. b4
Bxb4 9. axb4 c6 10. Bd3 g6 11. Bh6 Re8 12. Nge2 Nf5 13. Bf4 Na6 14. Qb1 Nc7 15.
Ne4 Kh8 16. Bg5 Ne7 17. Nd6 Rf8 18. Bf6+ Kg8 19. Qc1 Ne8 20. Nxe8 Qxe8 21. Qh6
Nf5 22. Bxf5 1-0

[Event "MCR_O186"]
[Site "?"]
[Date "2004.??.??"]
[Round "?"]
[White "Svoboda, Josef"]
[Black "Novak, Jindrich"]
[Result "0-1"]
[WhiteElo "1800"]
[BlackElo "1800"]
[PlyCount "76"]
[EventDate "2004.??.??"]
[EventType "corr"]
[EventRounds "2"]
[SourceDate "2005.03.12"]

1. c4 Nf6 2. Nc3 d6 3. d4 c6 4. e4 Qc7 5. Nf3 e5 6. d5 Bg4 7. Be2 Be7 8. O-O
O-O 9. Nh4 Nxe4 10. Nxe4 Bxe2 11. Qxe2 Bxh4 12. Qh5 Be7 13. Qg4 Qc8 14. Qg3 Qf5
15. Nc3 Qg6 16. Qf3 f5 17. Qe2 c5 18. Nb5 Na6 19. Bd2 f4 20. f3 h5 21. a3 Qf5
22. Rac1 g5 23. h3 Kg7 24. Bc3 Kg6 25. Bd2 Rh8 26. Bc3 Kf7 27. Rce1 Rag8 28.
Bd2 Ke8 29. Bc1 Kd7 30. Bd2 Bf6 31. Qe4 Qxe4 32. Rxe4 g4 33. fxg4 hxg4 34. hxg4
Rxg4 35. Be1 Rhg8 36. Re2 e4 37. Bc3 f3 38. Rxe4 Rxg2+ 0-1